00534nam a2200205Ia 4500003000400000005001700004008004100021020002100062040000700083041000800090082001500098100001900113245008900132260004500221300001500266365001300281440000600294650001400300650001400314OSt20230516112331.0210423s2011 xx 000 0 und d a978-019-566762-2 cAL aeng a330.1 BASC aBASU (Kaushik) aCollected papers in theoretical economics V 2: reality games and strategic behaviour aNew DelhibOxford University Pressc2011 avi,217bHB b595cINR v2 aEconomics aEconomics